Sports Quiz

Random Sports or Football Quiz

Name these up and coming Football (Soccer) players? Quiz Stats

 Plays Quiz not verified by Sporcle

Challenge
Share
Tweet
Score 0/18 Timer 10:00
0 Plays Today
% Correct
Alli
89.9%
Bellerin
86.9%
Coman
81.8%
Zouma
77.5%
Ibe
75.8%
Iheanacho
67.7%
sane
65%
Traore
62.6%
Odegaard
62.5%
% Correct
Embolo
49.5%
Laporte
46.5%
Tielemans
42.4%
Neves
38.4%
Mastour
30.3%
Kenedy
30.3%
Correa
22.2%
Tierney
19.2%
Blackman
14.1%

You're not logged in!

Compare scores with friends on all Sporcle quizzes.
OR
Log In

You Might Also Like...

Show Comments

Extras

Top Quizzes Today


Score Distribution

Your Account Isn't Verified!

In order to create a playlist on Sporcle, you need to verify the email address you used during registration. Go to your Sporcle Settings to finish the process.

Report this User

Report this user for behavior that violates our Community Guidelines.

Details: